=LDR 00000nam 2200000 4500 =001 INLIS000000000028660 =005 20200326081143 =035 ##$$a 0010-061300000028660 =008 200326################g##########0#ind## =041 ##$$a Ind =082 ##$$a 2x6 =090 ##$$a 2x6, Abd d =100 ##$$a Abdillah, Masykuri =245 1#$$a Demokrasi di persimpangan makna, : $b Respons intelektual Muslim Indonesia terhadap konsep demokrasi /$c Dr. Masykuri Abdillah penerjemah, Wahib Wahab =260 ##$$a Yogyakarta :$b Tiara Wacana Yogya,$c 1999 =300 ##$$a xiv, 355 hlm, ; $c 21 X 14 cm. =850 ##$$a NBPNMAT =020 ##$$a 979-8120-88-4 =084 ##$$a 2x6 ABD d =250 ##$$a cet.1 =650 #4$$a Demokrasi Islam =700 #$$a Wahib Waha =520 ##$$a Bibliografi ;hlm.:333-355 =990 ##$$a 143.111/Pro.99 =990 ##$$a 00026886 =990 ##$$a 143.109/pro-99 =990 ##$$a 143.111/Pro.99